000 00656cam a2200193 4500
001 WS108120
008 000000n 000 0 eng u
035 _a(Sirsi) u108120
245 _aSocial Housing Home Page
520 _aSite covering social housing in the UK including a list of tenders, news, best practice articles and job adverts.
650 _aSOCIAL HOUSING
650 _aTENDERS
650 _aBEST PRACTICE
650 _aRESIDENTIAL
650 0 _aJOB ADVERTISEMENTS
690 _aAffordable housing
_96215
856 4 0 _uhttps://www.housingconnections.com/
_zView the website free of charge at www.housingconnections.com/...
942 _n0
999 _c119628
_d119628